[Event "Politiken Cup 27th"]
[Site "Copenhagen"]
[Date "2005.07.22"]
[Round "8"]
[White "Pallesen, Jacob"]
[Black "Struch, Thomas"]
[Result "0-1"]
[WhiteElo "2024"]
[BlackElo "2083"]
[PlyCount "88"]
[EventDate "2005.07.16"]
[EventType "swiss"]
[EventRounds "10"]
[EventCountry "DEN"]
[SourceTitle "CBM 107 Extra"]
[Source "ChessBase"]
[SourceDate "2005.09.01"]
[SourceVersion "1"]
[SourceVersionDate "2005.09.01"]
[SourceQuality "1"]

1. e4 c5 2. Nf3 Nc6 3. d4 cxd4 4. Nxd4 Nf6 5. Nc3 e6 6. Ndb5 Bb4 7. a3 Bxc3+ 8. Nxc3 d5 9. exd5 exd5 10. Bd3 0-0 11. 0-0 Bg4 12. f3 Be6 13. Bg5 Qb6+ 14. Kh1 Nd7 15. f4 h6 16. Bxh6 gxh6 17. f5 Nde5 18. fxe6 fxe6 19. Qh5 Qe3 20. Nb5 Rxf1+ 21. Rxf1 Rf8 22. Rxf8+ Kxf8 23. h3 Ke7 24. Qd1 d4 25. Bh7 a6 26. Nc7 Kd7 27. Na8 Nc4 28. Qa1 Qf2 29. Be4 Qf8 30. b3 Nd6 31. Nb6+ Kc7 32. Bxc6 Kxb6 33. Bf3 Qf6 34. Qe1 a5 35. a4 e5 36. Qe2 Qf4 37. g4 e4 38. Bg2 Kc5 39. Kg1 e3 40. Qf1 Qxf1+ 41. Bxf1 Kb4 42. h4 Kc3 43. Bd3 Kd2 44. Kf1 Ne4 0-1

[Event "Canarias en Red prel 1st"]
[Site "Playchess.com INT"]
[Date "2004.05.03"]
[Round "2"]
[White "Struch, Thomas"]
[Black "Milanovic, Danilo"]
[Result "0-1"]
[WhiteElo "2109"]
[BlackElo "2443"]
[PlyCount "98"]
[EventDate "2004.05.03"]
[EventType "swiss (blitz)"]
[EventRounds "13"]
[EventCountry "GER"]
[SourceTitle "EXT 2005"]
[Source "ChessBase"]
[SourceDate "2004.11.15"]
[SourceVersion "1"]
[SourceVersionDate "2004.11.15"]
[SourceQuality "1"]

1. e4 c5 2. c3 d5 3. exd5 Qxd5 4. d4 g6 5. Nf3 Bg7 6. Be3 cxd4 7. Bxd4 Bxd4 8. Qxd4 Qxd4 9. Nxd4 a6 10. Be2 Nf6 11. Bf3 e5 12. Nb3 e4 13. Be2 Nc6 14. N1d2 Bf5 15. 0-0 0-0-0 16. Nc4 Kc7 17. Ne3 Bc8 18. Rad1 Be6 19. Rxd8 Rxd8 20. Rd1 Rxd1+ 21. Bxd1 b6 22. Bc2 Kd6 23. Kf1 Ke5 24. Ke2 Nd7 25. g3 f5 26. f4+ exf3+ 27. Kxf3 a5 28. Nc1 Kf6 29. b3 Nc5 30. Ne2 Ne5+ 31. Kf2 g5 32. c4 h5 33. h4 gxh4 34. gxh4 Ng4+ 35. Kf3 Nd7 36. Nxg4+ hxg4+ 37. Kf4 Ne5 38. Nd4 Ng6+ 39. Kg3 f4+ 40. Kf2 Nxh4 41. Nxe6 Kxe6 42. a3 g3+ 43. Kg1 f3 44. Bd1 Ke5 45. b4 axb4 46. axb4 Kf4 47. c5 f2+ 48. Kf1 Ke3 49. cxb6 g2# 0-1